[Event "Lost Boys op"]
[Site "Antwerp"]
[Date "1998.08.01"]
[Round "2"]
[White "Gurevich, Mikhail"]
[Black "Dutreeuw, Marc"]
[Result "1-0"]
[WhiteElo "2635"]
[BlackElo "2405"]
[Annotator "Gurevich,M"]
[PlyCount "69"]
[EventDate "1998.08.??"]
[EventType "swiss"]
[EventRounds "9"]
[EventCountry "BEL"]
[SourceTitle "CBM 067"]
[Source "ChessBase"]
[SourceDate "1998.11.30"]
[SourceVersion "2"]
[SourceVersionDate "1998.11.01"]
[SourceQuality "1"]

1. d4 d5 2. c4 e6 3. Nc3 Be7 4. Nf3 Nf6 5. Bf4 c5 6. dxc5 Bxc5 7. a3 Nc6 8. e3
a6 9. Rc1 (9. Qc2 dxc4 10. Rd1 Bd7 11. Bxc4 Rc8 12. O-O Be7 13. e4 b5 14. Be2
b4 15. axb4 Nxb4 16. Qb3 O-O 17. Bd6 $14 {1-0 Wagner,C-McDonald,N/London 1994/
EXP 45 (35)}) 9... d4 10. exd4 Nxd4 11. Ne5 $5 O-O 12. Bd3 (12. b4 Be7 13. Bd3
a5 $1 $132) 12... b6 13. b4 $1 (13. O-O Bb7 14. b4 Be7 {With idea 15...a5 with
counterplay}) 13... Be7 14. Be3 $1 Nf5 15. Bxf5 exf5 16. Nc6 Qe8 (16... Qxd1+
17. Rxd1 Re8 18. Nxe7+ Rxe7 19. Rd8+ $18) 17. Nxe7+ Qxe7 18. O-O $14 Be6 (18...
Bb7 19. Bxb6 Bxg2 20. Kxg2 Qb7+ 21. Qf3 Qxb6 22. c5 $16) 19. Bxb6 Bxc4 20. Re1
$5 (20. Bc5 Qb7 21. Bxf8 Bxf1 22. Qxf1 Rxf8 23. Na4 Ne4 24. Nc5 Nxc5 25. bxc5
Rc8 26. Qd3 g6 $14) 20... Qb7 21. Qd6 {idea 22.Bd4} Rfe8 22. Bd4 Nd7 $2 (22...
Nd5 23. Qg3 f6 24. Nxd5 Bxd5 25. Bxf6 f4 26. Qg5 Bxg2 27. Bxg7 $18) (22... Qd7
$142 23. Qxd7 Nxd7 24. Ne4 $5 fxe4 25. Rxc4 $16) 23. Bxg7 $1 Kxg7 24. Qd4+ Nf6
25. Qxc4 $18 Qb6 26. Qf4 Rac8 27. Qg5+ Kh8 28. Rxe8+ Rxe8 29. Qxf5 Qd4 30. h3
Re6 31. Qf3 Kg7 32. Qg3+ Kh8 33. Rd1 Qb6 34. Na4 Qc6 35. Nc5 1-0

[Event "NED-chT playoff"]
[Site "Breda"]
[Date "1998.05.21"]
[Round "1"]
[White "Gurevich, Mikhail"]
[Black "Ljubojevic, Ljubomir"]
[Result "1-0"]
[WhiteElo "2635"]
[BlackElo "2565"]
[Annotator "Gurevich,M"]
[PlyCount "73"]
[EventDate "1998.05.21"]
[EventType "team"]
[EventRounds "2"]
[EventCountry "NED"]
[SourceTitle "CBM 065"]
[Source "ChessBase"]
[SourceDate "1998.08.06"]
[SourceVersion "1"]
[SourceVersionDate "1998.08.06"]
[SourceQuality "1"]

1. d4 d5 2. c4 e6 3. Nc3 Nf6 4. Nf3 Be7 5. Bf4 O-O 6. e3 b6 7. Qc2 a6 $5 {TN} (
7... Bb7 8. a3 c5 9. Rd1 {1/2-1/2 Fridman,D-Klovans,J/Open, Cappelle la Grande
FRA 1998}) 8. Rd1 Bb7 9. cxd5 exd5 10. Be2 Nbd7 11. Ne5 Bd6 12. Qf5 $5 g6 13.
Qh3 Qe7 14. Nxd7 Nxd7 15. Qg3 Bxf4 16. Qxf4 Nf6 17. O-O Rad8 18. Rd2 Rd6 19.
Rc1 Ne8 $1 {/\ 20...f5,21...g5 <=> >>} (19... Rc8 20. b4 c5 21. dxc5 bxc5 22.
bxc5 Rxc5 23. Rdc2 Rdc6 24. Bd3 $14) 20. Bf3 g5 21. Qe5 Qd8 22. e4 $6 (22. Ne2
f6 23. Qg3 Ng7 24. Rdc2 Rf7 25. b4 $14) 22... Re6 23. Qg3 dxe4 24. d5 $2 (24.
Bd1 Nd6 25. d5 Rg6 $17) 24... exf3 25. dxe6 Qxd2 26. Rd1 Qxb2 $19 27. Qxg5+ $5
(27. e7 Qxc3 28. Qxg5+ Qg7 $19) 27... Kh8 $6 (27... Ng7 28. e7 (28. exf7+ Rxf7
29. Rd8+ Rf8 30. Rxf8+ Kxf8 31. Qf6+ Kg8 32. Qd8+ Kf7 33. Qxc7+ Ke6 $19) 28...
Re8 29. Rd8 Qa1+ 30. Nd1 Bc6 $19) 28. Qh6 $1 (28. Qe7 Rg8 $1 29. exf7 Rxg2+ 30.
Kh1 Rxh2+ 31. Kxh2 Qxf2+ 32. Kh3 Bc8+ 33. Rd7 Bxd7+ 34. Qxd7 Qg2+ 35. Kh4 Qh2+
36. Kg5 (36. Qh3 Qf4+ 37. Qg4 Qxf7 $19) (36. Kg4 Nf6+ $19) 36... Qg3+ 37. Kf5
Nd6+ $19) 28... Qa3 $6 (28... Ng7 29. Qf6 $1 fxg2 30. Rd8 $40) (28... Rg8 29.
exf7 Qxc3 (29... Rxg2+ 30. Kh1 Rxh2+ 31. Qxh2 $18) 30. f8=Q $18) (28... Kg8 29.
e7 $18) (28... Qa3 {[#]}) 29. Rd4 $3 {/\30.Rh4} Qe7 $8 (29... fxe6 30. Rd7 $18)
(29... fxg2 30. Rh4 Be4 31. Nxe4 $18) 30. Rd7 $1 Qc5 (30... Qa3 $142 31. Rxf7
Rxf7 32. exf7 Ng7 33. h4 $1 fxg2 34. Qf4 $1 Qf8 35. Qf6 $1 Bc8 36. Ne4 Bg4 37.
Ng5 Bh5 38. Kxg2 $18 {/\f2-f4-f5, Qh6}) 31. Rxf7 $1 Rxf7 32. exf7 Ng7 33. Qf6
Qf8 34. h4 $1 $18 Bc8 (34... fxg2 35. h5 $18) (34... Bc6 35. h5 Be8 36. fxe8=Q
Qxe8 37. h6 $18) 35. Ne4 $1 Bf5 (35... Bg4 36. gxf3 $1 Bh5 37. Ng5 c5 38. f4 c4
39. f5 c3 40. Qh6 $18) 36. Ng5 $138 (36. h5 $18) 36... Bg6 37. g4 $18 1-0

[Event "Metz op 23rd"]
[Site "Metz"]
[Date "2005.04.23"]
[Round "8"]
[White "Gurevich, Mikhail"]
[Black "Barsov, Alexei"]
[Result "1-0"]
[WhiteElo "2630"]
[BlackElo "2517"]
[Annotator "Gurevich,M"]
[PlyCount "87"]
[EventDate "2005.04.16"]
[EventType "swiss"]
[EventRounds "9"]
[EventCountry "FRA"]
[SourceTitle "CBM 105 Extra"]
[Source "ChessBase"]
[SourceDate "2005.05.01"]
[SourceVersion "1"]
[SourceVersionDate "2005.05.01"]
[SourceQuality "1"]

1. c4 e6 2. Nf3 d5 3. d4 Nf6 4. Nc3 Be7 5. Bf4 O-O 6. e3 c5 7. dxc5 Bxc5 8. Qc2
Nc6 9. Rd1 Qa5 10. Be2 Nb4 11. Qb3 dxc4 12. Bxc4 Nbd5 13. Be5 Bb4 $5 {TN} (
13... Ng4 14. Bxd5 Nxe5 15. Nxe5 exd5 16. O-O $16 Re8 17. Qxd5 Be6 18. Qxb7
Rab8 19. Qe4 Rxb2 20. Nc4 Qxc3 21. Nxb2 Bf8 (21... Qxb2 22. Qc6) 22. Nd3 $18 {
1-0 Ibragimov,I-Onischuk,A/Lindsborg 2004/CBM 103 ext (27)}) 14. O-O Nxc3 15.
bxc3 Be7 16. Bb5 $1 a6 (16... b6 17. Nd2 Ba6 18. a4 Bxb5 19. axb5 a6 20. Rb1
Nd7 21. Nc4 Qxb5 22. Qxb5 axb5 23. Rxb5 Nxe5 24. Nxe5 Rfc8 25. Rxb6 Rxc3 {
1/2-1/2 Brodsky,M-Onischuk,A/Sochi RUS 2005/The Week in Chess 547 (25)}) 17.
Be2 Nd7 $5 (17... b5 18. Ng5 $5 Nd5 (18... Bb7 19. Nxe6 fxe6 20. Qxe6+ Rf7 21.
Bxf6 Bxf6 (21... gxf6 22. Rd7 Bc8 23. Bh5 Bxd7 24. Qxf7+ Kh8 25. Qxe7) 22. Rd7
Raf8 23. Rxb7 Qxc3 24. Bf3 $18) (18... h6 19. Bf3 Ra7 20. Ne4 $36) (18... b4
19. Nf3 $14) 19. c4 $1 bxc4 20. Bxc4 Bxg5 (20... Nb6 21. Bc7 Qxg5 22. Qxb6 $16)
21. Bxd5 Ra7 (21... exd5 22. Rxd5 Be6 23. Rxa5 Bxb3 24. axb3 $16) 22. Bd4 $18)
18. Bd6 Bxd6 19. Rxd6 Nc5 20. Qb4 Qxb4 (20... Qc7 21. Rfd1 b5 22. Ne5 (22. c4
Bb7 23. cxb5 axb5 $11) 22... Bb7 23. Nd7 $1 $36) 21. cxb4 Ne4 22. Rd4 Nc3 23.
Bc4 b5 24. Rc1 Na4 $6 (24... a5 $1 25. Rxc3 (25. bxa5 bxc4 26. Rxc3 Rxa5 $132)
25... axb4 26. Rc2 bxc4 27. Rdxc4 Bb7 28. Rxb4 $14) 25. Bb3 $16 Bb7 26. Ne5
Rac8 27. Rxc8 Rxc8 28. f3 $5 {[/\29.e4; xBb7]} Bd5 (28... Nb6 29. Rd6 (29. e4
Kf8 30. Nd7+ $16) 29... Nd5 30. e4 Nxb4 31. Rd7 Ba8 32. Nxf7 $16) 29. Bxd5 exd5
30. Rxd5 f6 31. Nd3 $1 Rc2 (31... Rc3 32. e4 Nb6 33. Rd8+ Kf7 34. Nc5 Rc1+ 35.
Kf2 Rc2+ 36. Kg3 Rxa2 37. Rd6 $16) (31... Nc3 32. Rc5 Rxc5 33. Nxc5 Nxa2 34.
Nxa6 $16) 32. Rd8+ Kf7 33. Rd7+ Kf8 34. Nf4 Nc3 {[/\Nc3-a2-b4<=>]} (34... Rxa2
35. Ne6+ Ke8 36. Rxg7 $18) 35. Ne6+ Ke8 36. Rc7 $1 $18 (36. Rxg7 Nxa2 37. Rxh7
Nxb4 $132) 36... g5 37. a3 h5 (37... Rc1+ 38. Kf2 h5 39. e4 (39. h3 h4 40. f4
$18) 39... Rc2+ 40. Ke1 $18) 38. h4 $6 $138 (38. h3 h4 39. Kh2 $18) 38... gxh4
$2 (38... Ne2+ 39. Kh2 Rc4 $1 40. f4 gxh4 41. Ng7+ Kd8 42. Ra7 Rc3 43. Rxa6
Rxe3 44. Rxf6 Ng3 45. Nf5 $16) 39. Kh2 $18 Rc1 40. Ng7+ Kd8 41. Ne6+ Ke8 42.
Nd4 $1 {[/\43.Nb3]} h3 43. Nb3 Kd8 44. Rc5 (44. Rc5 Rc2 45. Kxh3 $18) 1-0

[Event "Bundesliga 0405"]
[Site "Germany"]
[Date "2004.11.13"]
[Round "1.6"]
[White "Gurevich, Mikhail"]
[Black "Reuss, Andreas"]
[Result "1-0"]
[WhiteElo "2644"]
[BlackElo "2356"]
[Annotator "Gurevich,M"]
[PlyCount "25"]
[EventDate "2004.11.12"]
[EventType "team-tourn"]
[EventRounds "15"]
[EventCountry "GER"]
[SourceTitle "EXT 2005"]
[Source "ChessBase"]
[SourceDate "2004.11.15"]
[SourceVersion "1"]
[SourceVersionDate "2004.11.15"]
[SourceQuality "1"]
[WhiteTeam "Porz"]
[BlackTeam "Stuttgart"]
[WhiteTeamCountry "GER"]
[BlackTeamCountry "GER"]

1. d4 d5 2. c4 e6 3. Nc3 Nf6 4. Bf4 c6 5. e3 Nbd7 6. Nf3 Qa5 7. Bd3 (7. Nd2 Be7
8. Bd3 Qd8 9. O-O dxc4 10. Nxc4 Nb6 11. Rc1 Nxc4 12. Bxc4 Nd5 13. Be5 Bd6 14.
Bxd6 Qxd6 15. e4 Nxc3 16. Rxc3 Bd7 17. Re1 O-O 18. e5 $14 {1-0 Eljanov,
P-Kaliuzhny,A/Alushta 2001/EXT 2002 (35)}) 7... Ne4 $2 {N} (7... dxc4 8. Bxc4
Nd5 9. O-O Nxf4 10. exf4 Bb4 11. Rc1 {1/2-1/2 Alonso,R-Perez Candelario,M/
Campillos ESP 2004/The Week in Chess 486 (11)}) 8. Bxe4 dxe4 9. Ng5 $1 e5 (9...
Nf6 10. O-O Qf5 11. f3 $5 $36) 10. dxe5 Nxe5 11. O-O $5 (11. Bxe5 Qxe5 12. Qd8+
Kxd8 13. Nxf7+ Ke8 14. Nxe5 Bd6 15. f4 exf3 16. Nxf3 Be6 $44) (11. Ngxe4 Nxc4
12. O-O Be6 $132) 11... f5 (11... Nxc4 12. Qc2 $5 (12. Qd4 Qc5 13. Qxe4+ Be7
$15) 12... Be7 13. Ncxe4 $36 Ne5 14. b4 $1 Qc7 $8 15. Qc3 $16) (11... Bf5 12.
Qb3 b6 13. Rad1 $5 $16) (11... f5 {Diagram}) 12. Nb5 $3 h6 $6 (12... cxb5 13.
Bxe5 Qb6 (13... bxc4 14. Bxg7 $1 Bxg7 15. Qh5+ Kd8 16. Qf7 $18) 14. Qd5 Qg6 15.
Qxb5+ Qc6 16. Qd5 $16) 13. Qd4 $1 (13. Qd4 hxg5 14. Qxe5+ Kf7 (14... Be7 15.
Nd6+) 15. Nd6+ Bxd6 16. Qxa5 gxf4 17. exf4 $18) 1-0

[Event "Vlissingen HZ op 03rd"]
[Site "Vlissingen"]
[Date "1999.08.14"]
[Round "6"]
[White "Gurevich, Mikhail"]
[Black "Vaganian, Rafael A"]
[Result "1/2-1/2"]
[WhiteElo "2643"]
[BlackElo "2617"]
[Annotator "Gurevich,M"]
[PlyCount "120"]
[EventDate "1999.08.09"]
[EventType "swiss"]
[EventRounds "7"]
[EventCountry "NED"]
[SourceTitle "EXT 2000"]
[Source "ChessBase"]
[SourceDate "1999.11.16"]
[SourceVersion "1"]
[SourceVersionDate "1999.11.16"]
[SourceQuality "1"]

1. d4 {Hansen,LB} e6 2. c4 d5 3. Nf3 Nf6 4. Nc3 Be7 5. Bf4 O-O 6. e3 c5 7. dxc5
Bxc5 8. a3 Nc6 9. Rc1 d4 10. exd4 Nxd4 11. Be2 (11. Ne5 b6 12. Bd3 Bb7 13. O-O
h6 14. b4 Be7 15. Nb5 Nc6 $11 {1/2-1/2 Gurevich,M-Barsov,A/Antwerp BEL 1998 
(64)}) 11... e5 {TN} (11... Qe7 {Hansen,LB} 12. b4 Rd8 13. Bd2 (13. bxc5 $4 {
Hansen,LB} Nxf3+ $19) 13... Nxf3+ (13... Nxe2 {Hansen,LB} 14. Qxe2 $14) 14.
Bxf3 Bd4 15. O-O e5 16. Qc2 Be6 17. c5 $14 {1-0 Epishin,V-Ziatdinov,R/New York
1998/CBM 64/[Hansen,LB] (45)}) 12. Nxe5 (12. Bxe5 Nxf3+ 13. Bxf3 Qxd1+ (13...
Qe7 14. Qe2 $14) 14. Kxd1 Ng4 $132) 12... Re8 13. O-O Nxe2+ (13... Nd7 14. Nd3
$16) 14. Qxe2 Bd4 (14... Ng4 15. Ne4 Nxe5 16. Nxc5 Nd7 17. Qh5 Qa5 18. Bd6 $14)
(14... Bg4 15. Qc2 Nh5 16. Nxg4 Nxf4 17. Qf5 $36) 15. Qd2 $1 (15. Rcd1 Bg4 16.
Nxg4 Rxe2 17. Nxe2 Nxg4 18. Rxd4 Qb6 $13) 15... Be6 16. Nf3 (16. Rfd1 Bxe5 17.
Qxd8 (17. Bxe5 Qxd2 18. Rxd2 Bxc4 19. Bxf6 gxf6 20. Rd7 $14) 17... Raxd8 18.
Bxe5 Rxd1+ 19. Rxd1 Bxc4 20. Bxf6 gxf6 21. f3 $14) 16... Bb6 17. Qxd8 Raxd8 18.
Nb5 $1 {[/\19.Bc7, 19.Nd6, 19.c5]} Ne4 19. Bc7 Rd3 (19... Bxc7 20. Nxc7 Re7 21.
Rfd1 $16) 20. Bxb6 axb6 21. Nc7 Rc8 22. Nxe6 fxe6 23. Rfe1 Nc5 $1 24. Rc2 (24.
b4 Rxf3 $1 25. gxf3 Nd3 $14) (24. Rcd1 Rb3 25. Re2 Nd3 $14) 24... Nb3 $1 25. h3
(25. Rxe6 Nd4 $17) (25. Rce2 Rxf3 26. gxf3 Nd4 27. Re3 Nc2 $14) 25... b5 26.
Ne5 Rd4 27. Rc3 bxc4 28. Nxc4 Nd2 $1 (28... Rdxc4 29. Rxb3 Rc1 30. Rxc1 Rxc1+
31. Kh2 Rc7 32. Rb6 $16) 29. Nxd2 Rxc3 30. bxc3 Rxd2 31. Rxe6 {[#]} b5 $1 (
31... Rc2 32. Re8+ Kf7 33. Rb8 Rb2 34. a4 $18) 32. Re5 (32. Rb6 Rd5 {(/\33...
Rc5)} 33. Rc6 Rd1+ 34. Kh2 Ra1) (32. Kf1 Ra2 33. Ra6 Rc2 34. Ra5 Rxc3 35. Ke2
Rb3 $13) 32... Rd1+ 33. Kh2 Rb1 34. Rc5 Rb3 35. Kg3 $5 Rxa3 36. Kf4 Ra4+ 37.
Ke3 (37. Ke5 b4 38. c4 b3 $11 39. Kd4 $2 Rb4 $19) 37... b4 38. c4 b3 39. Kd3 (
39. Rb5 Rxc4 40. Rxb3 $11) 39... Ra2 40. Rb5 (40. Rf5 g6 41. Rf6 (41. Rf3 Ra4
42. Kc3 b2 $11) 41... Kg7 42. Rb6 Rxf2 43. Rxb3 Rxg2 $11) 40... Rxf2 41. Rxb3
Rxg2 42. Kd4 (42. c5 Rg3+ 43. Kc4 Rxb3 44. Kxb3 Kf7 $11) 42... Kf7 43. Re3 (43.
c5 Ke6 $11) 43... Rd2+ $1 44. Ke5 Ke7 $11 45. Ra3 Re2+ 46. Kd5 Rd2+ 47. Kc6 h5
48. c5 g5 49. Rb3 g4 50. Kb6 Rd8 (50... gxh3 51. Rxh3 Kd7 52. Rb3 h4 53. Kb7
Rc2 54. Rd3+ Ke6 $11) 51. Kb7 Rd7+ 52. Ka6 Rc7 53. Kb6 Rc8 54. Rd3 Kf6 55. hxg4
hxg4 56. Rd5 Rb8+ 57. Ka7 Rb1 58. c6 g3 59. Rd2 Rc1 60. Kb7 Kf5 1/2-1/2

[Event "GER CupT"]
[Site "Forchheim"]
[Date "2000.03.19"]
[Round "2"]
[White "Gurevich, Mikhail"]
[Black "Lutz, Christopher"]
[Result "1-0"]
[WhiteElo "2694"]
[BlackElo "2587"]
[Annotator "Gurevich,M"]
[PlyCount "91"]
[EventDate "2000.03.18"]
[EventType "team"]
[EventRounds "2"]
[EventCountry "GER"]
[SourceTitle "CBM 076"]
[Source "ChessBase"]
[SourceDate "2000.05.31"]
[SourceVersion "1"]
[SourceVersionDate "2000.05.31"]
[SourceQuality "1"]

1. d4 d5 2. c4 e6 3. Nc3 Be7 4. Nf3 Nf6 5. Bf4 O-O 6. e3 c5 7. dxc5 Bxc5 8. a3
Nc6 9. cxd5 Nxd5 10. Nxd5 exd5 11. Bd3 Bb6 12. O-O d4 13. e4 Bg4 14. h3 Bh5 15.
g4 Bg6 16. Nd2 f6 $5 {TN [/\17...Ne5]} (16... Bc7 $6 17. Bxc7 Qxc7 18. f4 f6
19. h4 Rae8 20. Qf3 h6 21. Rf2 Bh7 22. Raf1 Qe7 23. Qh3 g5 24. fxg5 fxg5 25.
Bc4+ Kh8 26. Rf7 Rxf7 27. Rxf7 Qe5 28. Nf3 Qxe4 29. hxg5 Nd8 30. Qxh6 Qxg4+ 31.
Kf1 {1-0 Krasenkow,M-Skalik,P/Suwalki POL 1999 (31)}) 17. Nc4 Bc7 (17... Re8
18. Nd6 $36) 18. Bxc7 Qxc7 19. f4 Rac8 $6 (19... Bf7 $5 {(/\20...g5<=>>>)}) 20.
Rc1 Rfe8 21. Qf3 $5 (21. Nd2 $5 Qb6 22. b4 {(/\23.Qf3, 24.Nc4)} a5 23. Nc4 Qd8
24. b5 $36) 21... b5 (21... Na5 22. e5 $1 (22. Nxa5 Qxa5 $13) 22... Bxd3 (22...
Nxc4 23. Rxc4 Qb6 24. f5 Bf7 25. e6 $18) (22... fxe5 23. Bxg6 hxg6 24. Qd5+ Kh8
25. Qxa5 $18) 23. Nd6 $1 Bc4 (23... Qxc1 24. Qd5+ $18) 24. b3 fxe5 25. Nxe8
Rxe8 26. fxe5 $16) 22. Nd2 Qb6 23. h4 $5 {[/\24.g5; 24.h5 Bf7 25.e5->>>]} Na5
24. b4 $1 Nc4 (24... Nb7 25. h5 Rxc1 (25... Bf7 26. Rxc8 Rxc8 27. e5 $40) 26.
Rxc1 Bf7 27. e5 fxe5 28. Rc6 Qd8 29. Qe4 $40) 25. Nxc4 bxc4 26. Rxc4 Rxc4 27.
Bxc4+ Bf7 28. Bd3 $1 $16 {[/\29.e5; 29.g5|^]} Qc6 29. g5 f5 (29... fxg5 30.
hxg5 $16) 30. e5 $1 (30. exf5 $2 Bd5 31. Qf2 Re3 $17) 30... Bd5 (30... Qd7 31.
Rd1 $16) 31. Qf2 Qc3 32. Bxf5 Rf8 33. Bg4 Bc4 (33... Qxa3 34. Rd1 d3 (34...
Qxb4 35. Qxd4 $18) 35. Qd4 Qb3 (35... Qa2 36. Bh3 $18) 36. Rd2 Qb1+ 37. Bd1 $18
) 34. Rd1 d3 35. e6 Bb3 36. Rd2 Qc1+ 37. Kh2 $18 Bd5 38. Kg3 Qc4 (38... Qxa3
39. Qd4 Qc1 40. Qxd5 Qg1+ (40... Qxd2 41. e7+) 41. Kh3 Qe3+ 42. Bf3 $18) 39.
Qe3 Be4 40. Bf3 Bf5 41. e7 Re8 42. Qe5 Qc8 43. Bd5+ Kh8 44. Bf7 Qc1 45. Bxe8
Qxd2 46. Bf7 1-0

[Event "Olympiad-37"]
[Site "Turin"]
[Date "2006.05.22"]
[Round "2"]
[White "Gurevich, Mikhail"]
[Black "Dervishi, Erald"]
[Result "1-0"]
[WhiteElo "2643"]
[BlackElo "2506"]
[Annotator "Gurevich,M"]
[PlyCount "87"]
[EventDate "2006.05.21"]
[EventType "team-swiss"]
[EventRounds "13"]
[EventCountry "ITA"]
[SourceTitle "CBM 113"]
[Source "ChessBase"]
[SourceDate "2006.07.31"]
[SourceVersion "1"]
[SourceVersionDate "2006.07.31"]
[SourceQuality "1"]
[WhiteTeam "Turkey"]
[BlackTeam "Albania"]
[WhiteTeamCountry "TUR"]
[BlackTeamCountry "ALB"]

1. c4 e6 2. Nc3 d5 3. d4 Nf6 4. Nf3 Be7 5. Bf4 O-O 6. e3 c5 7. dxc5 Bxc5 8. a3
Nc6 9. cxd5 Nxd5 10. Nxd5 exd5 11. Bd3 Be7 12. O-O Bf6 13. Qb3 g6 14. Rab1 a5
$1 {TN} (14... Na5 15. Qc2 Nc6 16. b4 a6 17. h3 Be6 18. Rfd1 Rc8 19. Qd2 Re8
20. Rbc1 Bg7 21. Rc5 Bf8 22. Rcc1 Bg7 23. Bb1 Qf6 24. Ba2 $14 {1/2-1/2 Dautov,
R-Sokolov,A/Switzerland 2005/Mega2006 (52)}) 15. Rfd1 (15. a4 Nb4 16. Be2 Qe7
17. Rbc1 Bd7 18. Rc7 Rfc8 $132 19. Rxb7 $2 Bxa4 20. Rxe7 Bxb3 $17) (15. Bb5 Be6
$132) 15... a4 16. Qc2 Qe7 {[/\17...Bg4]} (16... Bg4 $5 17. b4 (17. Be4 $6 Nd4
$1 18. Rxd4 Bxd4 19. Nxd4 Rc8 $1 (19... dxe4 20. Qxe4 $44) 20. Qxa4 dxe4 $15) (
17. b3 Qe7 $5 18. bxa4 Ne5 $36) 17... Qe7 (17... Bxf3 18. gxf3 $14) 18. Qc5 $14
) 17. h3 Be6 18. b4 $5 {[xb2]} axb3 (18... Rfc8 19. Qd2 d4 20. e4 Bb3 21. Re1
Bg7 (21... Ne5 22. Nxd4 $16) 22. e5 $36) (18... d4 $5 19. Qc5 $1 Qxc5 20. bxc5
Bb3 21. Rdc1 dxe3 22. Bxe3 Rad8 23. Bc4 Na5 $13) 19. Qxb3 Ra7 $5 (19... Rxa3
20. Qxb7 Qxb7 21. Rxb7 Rfa8 $11) 20. a4 d4 $6 (20... Rfa8 21. Qb6 (21. Bb5 d4
$15) 21... Rxa4 22. Qxb7 Qxb7 23. Rxb7 $11) 21. Qb5 Rd8 (21... dxe3 22. Bxe3
Ra5 23. Qxb7 Qxb7 24. Rxb7 Rxa4 25. Bb5 Na5 26. Rxf7 $1 $16) 22. e4 $14 Rd7 23.
Ra1 $5 {[/\24.Qb2,25.Bb5]} (23. Ng5 $2 Ra5 $19) 23... Qd8 (23... Ra5 24. Qb2
$14 Qb4 $2 25. Qxb4 Nxb4 26. Bd2 $16) 24. Ng5 $5 Bxg5 25. Bxg5 f6 26. Bf4 Kg7
27. Qb2 Ra8 28. Bb5 Qb6 29. Rab1 Bf7 30. Qc1 Re8 31. Rb2 (31. Bh6+ Kg8 32. Qf4
Qd8 $14) 31... Qa7 (31... Rxe4 $2 32. Bh6+ Kg8 33. Bd3 $18) 32. Qb1 (32. Bxc6
$5 bxc6 33. Qxc6 Re6 34. Qb5 $1 $16 {(/\35.Bb8)}) 32... Ree7 33. Re1 g5 34. Bg3
d3 $5 35. Rd2 $138 (35. Bxd3 Qxa4 36. e5 $5 $36) 35... Qa5 36. Rxd3 Rxd3 37.
Bxd3 Qxa4 38. Bb5 Qd4 39. Kh2 (39. h4 gxh4 40. Bxh4 Bg6 $132) 39... h5 $6 (
39... Ne5 40. Rd1 Qb6 41. Qb4 Nc6 42. Qa4 Ne5 $14) 40. Bxc6 $5 (40. h4 gxh4 41.
Bxh4 Ne5 42. f3 $14 Ng6 43. Rd1 $1 (43. Bg3 h4 44. Bb8 Qd8 $1 45. Ba7 b6 $19)
43... Qe3 44. Bg3 h4 45. Bd6 $14) 40... bxc6 41. h4 g4 $138 (41... gxh4 42.
Bxh4 $14) 42. e5 $1 $40 Bg6 (42... fxe5 43. Qf5 e4 44. Qg5+ Kf8 45. Rb1 $40)
43. Qb8 $1 Be4 (43... Kh7 $142 44. e6 $16) 44. Qd6 $1 (44. Qd6 Qxd6 45. exd6
Re6 46. d7) 1-0

[Event "NED-chT"]
[Site "Netherlands"]
[Date "1998.??.??"]
[Round "?"]
[White "Gurevich, Mikhail"]
[Black "Peelen, Piet"]
[Result "1-0"]
[WhiteElo "2635"]
[BlackElo "2365"]
[Annotator "Gurevich,M"]
[PlyCount "61"]
[EventDate "1998.??.??"]
[EventType "team"]
[EventRounds "9"]
[EventCountry "NED"]
[SourceTitle "CBM 064"]
[Source "ChessBase"]
[SourceDate "1998.06.02"]
[SourceVersion "1"]
[SourceVersionDate "1998.06.02"]
[SourceQuality "1"]

1. d4 Nf6 2. c4 e6 3. Nc3 d5 4. Nf3 Be7 5. Bf4 O-O 6. e3 c5 7. dxc5 Bxc5 8. a3
Nc6 9. Rc1 Be7 $5 {TN} (9... Re8 {TN} 10. cxd5 exd5 11. Be2 Be6 (11... d4 12.
Nb5 Qa5+ 13. b4 Nxb4 14. axb4 Qxb4+ 15. Kf1 dxe3 16. Nc7 $1 $18) 12. O-O (12.
Nb5 $1 Bb6 13. Nd6 Re7 14. Nxb7 $1 Rxb7 15. Rxc6 d4 16. Rd6 $1 $16) 12... Be7
13. Nd4 Rc8 $2 14. Nxc6 {1-0 Gurevich,M-San Segundo,P/NY Open, New York USA
1998} (14. Nxc6 bxc6 (14... Rxc6 15. Bb5 $18) 15. Ba6 Ra8 16. Bb7 $18)) 10.
cxd5 Nxd5 (10... exd5 11. Bb5 $5 $14) 11. Nxd5 exd5 12. Bd3 Bf6 13. O-O Be6 (
13... Bxb2 $6 14. Bxh7+ Kxh7 (14... Kh8 15. Rc2 $1 Bxa3 16. Ng5 Qd7 (16... f6
17. Qh5 $18) (16... g6 17. Qa1+ f6 18. Bxg6 $16) 17. h3 $1 $18) 15. Qc2+ Kg8
16. Qxb2 $16) (13... Bg4 14. b4 Rc8 15. h3 $14) 14. b4 a6 15. Rc5 $1 {With
idea 16.Qb1, 17.Rfc1, a3-a4, b4-b5 initiative on the Q-side} g6 (15... Be7 16.
Rc2 Rc8 17. Ne5 $14) 16. Qb1 Qe7 (16... Bg4 17. Rd1 $1 Bxf3 18. gxf3 Be7 19.
Rc2 Bd6 20. Bxd6 Qxd6 21. Be4 $16) 17. Rfc1 Rfd8 $6 (17... Rfc8 $142 {With
idea 18...Qd8,19...Be7(or 19...Ne7)}) 18. h3 Kg7 (18... d4 19. e4 $36) 19. a4
h5 (19... Rac8 20. Kh1 $1 {With idea 21.b5} (20. b5 Ne5 $13)) 20. b5 axb5 21.
Bxb5 (21. axb5 $2 Ra1 22. Qxa1 Bxa1 23. bxc6 bxc6 $13) 21... Bf5 22. Qa2 Nb4 (
22... d4 23. Bxc6 bxc6 24. Nxd4 $18) 23. Qd2 Na6 24. Rxd5 $16 Rxd5 25. Qxd5 Be6
(25... Rd8 26. Qb3 $16) 26. Qd6 Qxd6 27. Bxd6 Rd8 28. Be5 Bxe5 29. Nxe5 Kf6 30.
Nf3 Bd5 (30... Rc8 $142) 31. Nd4 $16 {Time} 1-0

[Event "Sarajevo Bosnia 30th"]
[Site "Sarajevo"]
[Date "2000.05.20"]
[Round "4"]
[White "Gurevich, Mikhail"]
[Black "Georgiev, Kiril"]
[Result "1/2-1/2"]
[WhiteElo "2690"]
[BlackElo "2675"]
[Annotator "Hansen,Cu"]
[PlyCount "123"]
[EventDate "2000.05.17"]
[EventType "tourn"]
[EventRounds "11"]
[EventCountry "BIH"]
[EventCategory "19"]
[SourceTitle "CBM 077"]
[Source "ChessBase"]
[SourceDate "2000.07.27"]
[SourceVersion "1"]
[SourceVersionDate "2000.07.27"]
[SourceQuality "1"]

1. Nf3 Nf6 2. c4 e6 3. Nc3 d5 4. d4 Be7 5. Bf4 O-O 6. e3 c5 7. dxc5 Bxc5 8. a3
Nc6 9. cxd5 Nxd5 10. Nxd5 exd5 11. Bd3 Bb6 12. O-O Bg4 13. h3 Bh5 14. Rc1 d4
15. e4 Re8 16. g4 Bg6 17. Re1 Rc8 18. e5 Qd5 19. b4 Ne7 20. Nh4 Rxc1 21. Bxc1
Bxd3 22. Qxd3 Ng6 23. Nxg6 hxg6 24. Bf4 a5 25. bxa5 Bxa5 26. Rb1 b6 27. Qb5 Qe6
28. Rd1 Rd8 29. Kg2 Rd5 30. Qd3 Bc3 31. Bd2 Kh7 32. f4 Rc5 33. Bc1 Ba5 34. Bd2
Qa2 35. Kg3 Bc3 36. h4 Qb3 37. Rb1 Qd5 38. h5 Bxd2 39. hxg6+ fxg6 40. Qxd2 Rc3+
41. Kh4 {I find the the last part of this game remarkable. Partly because
black does not win, but especially because he is not playing very practical in
my opinion. Clearly whites K is in a mess on h4. At the moment however it can
in principle escape both by running back - if black tries to attack by moving
his R to the first or second rank - and forward - to g5. In the game black
attacks whites K from behind and always has to watch out that it does not run
to g5. Now why not close the door to g5 and then attack from behind, in that
case the white K is trapped on h4:} Rxa3 (41... Qd8+ 42. g5 Qh8 {[%cal Rh7g8]}
43. Qa2 $8 {and now that Kh4 cannot run forward black can choose between
different ways to attack the white K:} Qa8 {[%cal Ra8e4,Ra8f3]} 44. Qf2 (44.
Qe2 Re3 45. Qf1 Qe4 $19) 44... Qe4 45. Re1 Re3 $1 {and white is helpless}) 42.
Qh2 Kg8 (42... Qd8+ $1) 43. Qc2 Qe6 44. Qc7 Qa2 45. Rh1 Qd5 46. Qc8+ Kh7 47.
Rh2 Ra2 48. Rh3 Qg2 49. Qc1 g5+ 50. fxg5 Qf2+ 51. Rg3 Qh2+ 52. Rh3 Qf2+ 53. Rg3
Re2 54. Qb1+ Kh8 55. Qxb6 Re3 56. Qd8+ Kh7 57. g6+ Kxg6 58. Qe8+ Kh7 59. Qh5+
Kg8 60. Qe8+ Kh7 61. Qh5+ Kg8 62. Qe8+ 1/2-1/2